000 00894nas a2200277 4500
001 BR8801208
003 BR-BrBNA
005 20231205091051.0
007 ta
008 230509b bl.|||p| |||| 00| 00por d
040 _aBR-BrBNA
_bpor
_cBiblioteca Nacional de Agricultura
041 _a(Pt)
072 _aF04
100 1 _aFaria, C.M.B. de
100 1 _aPereira, J.R.
245 1 _aFontes, niveis e epocas de aplicacao de nitrogenio na produtividade do tomateiro rasteiro
246 1 _aSource, level and time of nitrogen fertilization on the yield of industrial tomato
650 _aTOMATE
650 _aNITROGENIO
650 _aUREIA
650 _aSULFATO DE AMONIA
650 _aADUBACAO
773 0 _tPesquisa Agropecuaria Brasileira (Brazil)
_xISSN 0100-204X
_g(Apr 1987), v. 22(4) p. 381-385
_wBR8801208
909 _a202311
_bLúcia
_c55
_dLúcia Elande
942 _2AGRIS
_n0
_cANA
999 _c122539
_d122539